Statistics for Biggest Non-State Capitals in each State

Click here to take the quiz!

General Stats

  • This quiz has been taken 15 times
  • The average score is 38 of 50

Answer Stats

StateBiggest non-captial% Correct
AlaskaAnchorage
100%
New YorkNew York City
100%
New MexicoAlbuquerque
93%
MarylandBaltimore
93%
IllinoisChicago
93%
OhioCleveland
93%
MichiganDetroit
93%
North DakotaFargo
93%
TexasHouston
93%
FloridaJacksonville
93%
MissouriKansas City
93%
NevadaLas Vegas
93%
CaliforniaLos Angeles
93%
TennesseeMemphis
93%
WisconsinMilwaukee
93%
MinnesotaMinneapolis
93%
New JerseyNewark
93%
LouisianaNew Orleans
93%
NebraskaOmaha
93%
PennsylvaniaPhiladelphia
93%
Maine | OregonPortland
93%
WashingtonSeattle
93%
MontanaBillings
86%
AlabamaBirmingham
86%
ConnecticutBridgeport
86%
North CarolinaCharlotte
86%
ColoradoColorado Springs
86%
KentuckyLouisville
86%
ArizonaTucson
86%
OklahomaTulsa
86%
South CarolinaCharleston
79%
VirginiaVirginia Beach
79%
KansasWichita
79%
DelawareWilmington
79%
New HampshireManchester
71%
VermontBurlington
64%
South DakotaSioux Falls
64%
WyomingCasper
57%
IowaCedar Rapids
57%
GeorgiaAugusta
50%
IndianaFort Wayne
50%
ArkansasFort Smith
43%
HawaiiPearl City
43%
UtahWest Valley City
43%
MassachusettsWorcester
43%
MississippiGulfport
29%
IdahoMeridian
29%
West VirginiaHuntington
21%
Rhode IslandCranston
14%

Score Distribution

Percentile by Number Answered

Percent of People with Each Score

Your Score History

You have not taken this quiz